| 000 | 00444nam a22001697a 4500 | ||
|---|---|---|---|
| 008 | 150923b xxu||||| |||| 00| 0 eng d | ||
| 020 | _a9788131754269 | ||
| 041 | 0 | _aeng | |
| 080 | _a658.3 | ||
| 245 |
_aHuman resource management/ _cGary Dessler; Biju Varkkey ; |
||
| 250 | _a12th ed. | ||
| 260 |
_aIndia: _bPearson; _c2011. |
||
| 300 |
_a736 f.: _bme il.; _c25 cm. |
||
| 650 | 0 | _aBurimet njerëzore | |
| 650 | 0 | _aPunonjësit | |
| 942 |
_2udc _cBK |
||
| 999 |
_c1161 _d1161 |
||